000 00459nam a2200181 4500
001 4099
005 20181127172618.0
020 0 0 _a9780140240658
090 0 0 _aFIC B7111s
100 0 0 _aBond, Ruskin.
245 0 0 _aStrangers in the night :
_bTwo novellas,
_cRuskin Bond.
_h
260 0 0 _aNew Delhi :
_bPenguinbooks,
_c1996.
300 0 0 _a143 p. ; 20 cm
500 0 0 _a
650 0 0 _aIndia.
_x
650 0 0 _aYoung men --India --Fiction.
_x
650 0 0 _aYoung men.
_x
999 _c3358
_d3358